Układy narządów i ich funkcje - Statystyki

Ogólne statystyki
  • Ten quiz został rozwiązany 29 razy
  • Średni wynik to 9 z 12
Statystyki odpowiedzi
Opis układu Odpowiedź % Poprawnych
Wymiana gazowa – pobieranie tlenu i usuwanie CO₂. Układ oddechowy
100%
Trawienie pokarmu i wchłanianie składników odżywczych. Układ pokarmowy
96%
Produkcja hormonów regulujących funkcje organizmu. Układ hormonalny
88%
Usuwanie zbędnych produktów przemiany materii. Układ wydalniczy
88%
Rozmnażanie i przekazywanie cech potomkom. Układ rozrodczy
85%
Ruch ciała dzięki skurczom mięśni. Układ mięśniowy
81%
Odbieranie bodźców i koordynacja pracy organizmu. Układ nerwowy
81%
Transport tlenu, składników odżywczych i hormonów. Układ krążenia
77%
Obrona organizmu przed patogenami. Układ odpornościowy
62%
Podpora ciała i ochrona narządów wewnętrznych. Układ szkieletowy
54%
Odbiór bodźców zewnętrznych (wzrok, słuch itd.). Układ zmysłów
42%
Ochrona ciała i regulacja temperatury. Układ powłokowy
19%
Nie znaleziono quizów pasujących do podanych kryteriów
Rozkład punktacji
Procent ludzi z każdym wynikiem
Percentyl według liczby udzielonych odpowiedzi
Twoja historia wyników
Nie rozwiązałeś tego quizu